Bábka ako výchovný prostriedok a pomôcka

Bibliographic Details
Main Author: Fabová, Ivana (Author)
Format: Article
Language:Slovak
Subjects:

MARC

LEADER 00000nab a2200000 a 4500
001 vtls000775194
003 SK-MaSNL
005 20260304105746.0
008 250429c20012002xo 0 slo
015 |a SNBRB2001/11-34167 
035 |a CLN000126981 
035 |a urn:nbn:sk:snk-abbut0 
035 |a (urnnbn)urn:nbn:sk:snk:ar-002lg3 
035 |a (uuid)d48966f3-dc4b-48bc-a87a-89f414e27230 
040 |a SNKBUCL  |b slo  |c SNKBUCL  |e AACR2 
041 0 |a slo 
044 |a xo  |c SK 
080 |a 37.03-053.4:688.723  |2 1997 
080 |a 688.723:37.03  |2 1997 
100 1 |a Fabová, Ivana  |4 aut  |9 1407491 
245 1 0 |a Bábka ako výchovný prostriedok a pomôcka  |c Ivana Fabová 
504 |a Bibliogr. odkazy 
650 0 7 |a predškolská výchova  |2 SNKPH  |9 3959 
650 0 7 |a dramatická výchova  |2 SNKPH  |9 4012 
650 0 7 |a bábky  |2 SNKPH  |9 17392 
655 7 |a články z novín a časopisov  |2 SNK  |9 267496 
773 0 |t Predškolská výchova  |g Roč. 56, č. 2 (2001/2002), s. 38-39 
850 |a Slovenská národná knižnica 
852 |a Slovenská národná knižnica 
954 |a odborná, vedecká literatúra pôvodná (slovenská)  |2 lita 
958 |a article15 
958 |a NB 
958 |a OND 
958 |a EUIPO 
992 |a RBX 
999 |c 2856966  |d 2858896